ABBA Angeleyes-Lyrics Quiz - Statistics

General Stats
  • This quiz has been taken 150 times
  • The average score is 355 of 428
Answer Stats
Answer % Correct
a
99%
I
98%
angel
97%
Angel
97%
eyes
97%
look
97%
Look
97%
to
97%
you
96%
And
94%
and
94%
he
94%
He
94%
in
93%
into
92%
One
92%
one
92%
his
91%
that
91%
the
91%
with
91%
your
91%
saw
90%
girl
89%
me
89%
river
89%
Then
89%
at
88%
him
88%
night
88%
walk
88%
young
88%
you're
88%
ha
87%
her
87%
was
87%
hypnotized
85%
it
85%
Ah
84%
ah
84%
along
84%
made
84%
think
84%
way
84%
gave
83%
Last
83%
shiver
83%
when
83%
When
83%
taking
81%
always
80%
'Cause
80%
You'll
80%
you'll
80%
keep
79%
Keep
79%
thought
79%
together
79%
used
79%
paradise
78%
pay
78%
say
78%
game
76%
it's
76%
price
76%
too
76%
about
75%
likes
75%
play
75%
heart
74%
must
74%
Don't
73%
right
73%
up
73%
find
72%
Oh
72%
should
72%
take
72%
thinking
72%
those
72%
be
71%
day
71%
deep
70%
no
70%
all
67%
'bout
67%
never
67%
out
67%
time
67%
could
66%
disguise
66%
He'll
66%
wears
66%
good
64%
have
64%
maybe
64%
Sometimes
64%
without
64%
can
62%
hurts
62%
I'm
62%
sit
62%
live
61%
lonely
61%
remember
61%
same
60%
times
60%
wonder
60%
does
58%
see
57%
how
56%
will
53%
forget
52%
Every
51%
name?
51%
back
49%
bring
48%
pain?
48%
my
45%
now
43%
took
36%
Crazy
35%
had
22%
No matching quizzes found
Score Distribution
Percent of People with Each Score
Percentile by Number Answered
Your Score History
You have not taken this quiz